Monitorovanie potrubia pri spolupôsobení napätia a korózneho prostredia

Salvato in:
Dettagli Bibliografici
Autore principale: Nagy, Dávid (Autore)
Altri autori: Garan, Martin (Relatore della tesi)
Natura: Manoscritto Libro
Lingua:slovacco
Pubblicazione: 2017
Soggetti:
Accesso online:http://is.stuba.sk/zp/portal_zp.pl?podrobnosti=133655
Tags: Aggiungi Tag
Nessun Tag, puoi essere il primo ad aggiungerne!!

MARC

LEADER 00000ntm a22000003a 4500
001 stuzp61148
003 SK-STU
005 20170624211208.8
007 ta
008 150427s2015----xo-----f-mn---000-0-slo-d
040 |a STU  |b slo 
041 0 |a slo 
100 1 |a Nagy, Dávid  |u 020010  |4 aut  |U SjF Strojnícka fakulta  |T SjF Ústav aplikovanej mechaniky a mechatroniky  |X 43711  |U J0010  |Y 801  |7 43711 
242 0 1 |a Monitoring of a pipeline subjected to stress and corrosive environment  |y eng 
245 1 0 |a Monitorovanie potrubia pri spolupôsobení napätia a korózneho prostredia 
260 |c 2017 
650 4 |a Monitorovanie  |2 slo 
650 4 |a korózne napadnutie  |2 slo 
650 4 |a deformácia  |2 slo 
650 4 |a tenzometer  |2 slo 
650 4 |a LabView  |2 slo 
650 4 |a On-line  |2 slo 
650 4 |a Monitoring  |2 eng 
650 4 |a corrosive attack  |2 eng 
650 4 |a deformation  |2 eng 
650 4 |a tensometer  |2 eng 
650 4 |a LabView  |2 eng 
650 4 |a On-line  |2 eng 
700 1 |a Garan, Martin  |u 020010  |k Z1  |4 ths  |U SjF Strojnícka fakulta  |T SjF Ústav aplikovanej mechaniky a mechatroniky  |X 10008  |U J0010  |Y 801  |7 A000010008 
856 4 |u http://is.stuba.sk/zp/portal_zp.pl?podrobnosti=133655